000 00670nas a2200193 a 4500
008 101111c20069999||||||||||||||||| || u
050 _aUNIDIR(05)DF
100 _aCompagnion, Valerie
245 1 0 _aDisarmament forum: CTBT: passing the test
_cEdited by Kerstin Vignard, Jane Linekar and Valerie Compagnion
246 _aForum du desarmement
260 _aGeneva
_bUnited Nations Institute for Disarmament Research [UNIDIR]
_c2006
350 _a0.00
500 _aIssue 2
650 _aPEACEKEEPING
650 _aNUCLEAR WEAPONS--LAW
700 _aLinekar, Jane
700 _aVignard, Kerstin
710 _aUnited Nations Institute for Disarmament Research (UNIDIR)
999 _c40263
_d40263